Chỉ dẫn áp dụng luật đất đai năm 2013

Nội dung sách giới thiệu những quy định chung về luật đất đai: Quy định về quy hoạch sử dụng đất, cho thuê đất, cho phép chuyển mục địch sử dụng đất, quy định về bồi thường, hỗ trợ và tái định cư khi nhà nước thu hồi đất, quy định về d...

Ausführliche Beschreibung

Gespeichert in:
Bibliographische Detailangaben
1. Verfasser: Đỗ, Xuân Trọng
Format: Buch
Sprache:Undetermined
Veröffentlicht: Hà Nội Lao Động 2016
Schlagworte:
Tags: Tag hinzufügen
Keine Tags, Fügen Sie den ersten Tag hinzu!
Thư viện lưu trữ: Trung tâm Học liệu Trường Đại học Cần Thơ
LEADER 01304nam a2200229Ia 4500
001 CTU_226711
008 210402s9999 xx 000 0 und d
020 |c 395000 
082 |a 346.597043 
082 |b Tr431 
100 |a Đỗ, Xuân Trọng 
245 0 |a Chỉ dẫn áp dụng luật đất đai năm 2013 
245 0 |c Đỗ Xuân Trọng (chủ biên) ; Đỗ Hồng Quyền ... [et al.] (tác giả) 
260 |a Hà Nội 
260 |b Lao Động 
260 |c 2016 
520 |a Nội dung sách giới thiệu những quy định chung về luật đất đai: Quy định về quy hoạch sử dụng đất, cho thuê đất, cho phép chuyển mục địch sử dụng đất, quy định về bồi thường, hỗ trợ và tái định cư khi nhà nước thu hồi đất, quy định về dăng ký, cấp giấy chứng nhận quyền sử dụng đất, quyền sở hữu nhà ở và tài sản khác gắn liền với đất... 
650 |a Quyền sử dung đất,Land tenure 
650 |x Luật và pháp luật,Law and legislation 
904 |i Nhi 
910 |b dqhieu 
980 |a Trung tâm Học liệu Trường Đại học Cần Thơ